kku e-library facility

Wonderstruck : (Record no. 8)

MARC details
000 -LEADER
fixed length control field 00776nam a22002297a 4500
001 - CONTROL NUMBER
control field 002
003 - CONTROL NUMBER IDENTIFIER
control field OSt
005 - DATE AND TIME OF LATEST TRANSACTION
control field 20251015084156.0
008 - FIXED-LENGTH DATA ELEMENTS--GENERAL INFORMATION
fixed length control field 250127b |||||||| |||| 00| 0 eng d
010 ## - LIBRARY OF CONGRESS CONTROL NUMBER
LC control number 2012950268
020 ## - INTERNATIONAL STANDARD BOOK NUMBER
International Standard Book Number 978-1-61795-088-9
040 ## - CATALOGING SOURCE
Language of cataloging English
Transcribing agency KARL KUMM UNIVERSITY
100 ## - MAIN ENTRY--PERSONAL NAME
Personal name Feinberg, Margaret
Fuller form of name Feinberg, Margaret
245 ## - TITLE STATEMENT
Title Wonderstruck :
Remainder of title Awaken to the Nearness of God/
Statement of responsibility, etc. Margaret Feinberg
250 ## - EDITION STATEMENT
Edition statement First Edition :
260 ## - PUBLICATION, DISTRIBUTION, ETC.
Place of publication, distribution, etc. Brentwood, Tennessee 37027
Name of publisher, distributor, etc. Worthy Publishing/
Date of publication, distribution, etc. 2012
300 ## - PHYSICAL DESCRIPTION
Extent x, 149 pages;
Other physical details eBOOK/
Dimensions 31 cm
600 ## - SUBJECT ADDED ENTRY--PERSONAL NAME
Source of heading or term RELIGION
Personal name Feinberg, Margaret
Fuller form of name Margaret Feinberg
Title of a work Awaken to the Nearness of God : Wonderstruck
650 ## - SUBJECT ADDED ENTRY--TOPICAL TERM
Source of heading or term RELIGION
700 ## - ADDED ENTRY--PERSONAL NAME
Personal name Feinberg, Margaret
Fuller form of name Feinberg, Margaret
942 ## - ADDED ENTRY ELEMENTS (KOHA)
Source of classification or shelving scheme Library of Congress Classification
Koha item type Books
Edition First
Suppress in OPAC No
Holdings
Withdrawn status Lost status Source of classification or shelving scheme Damaged status Not for loan Home library Current library Shelving location Date acquired Total checkouts Date last seen Price effective from Koha item type
    Dewey Decimal Classification     Karl Kumm University Librrary Services Karl Kumm University Librrary Services General Stacks 10/15/2025   10/15/2025 10/15/2025 Books
©2025 All rights reserved. KKU